Islam and the West : the making of an image /

محفوظ في:

المؤلف الرئيسي: Daniel, Norman (مؤلف)

التنسيق: كتاب

اللغة: English

منشور في: Edinburgh : University Press, [1960].

الموضوعات:

الوسوم: إضافة وسم

لا توجد وسوم, كن أول من يضع وسما على هذه التسجيلة!

رقم الطلب: BP172 .D3 1960

LEADER 00720nam a2200241 4500
001 9520
003 OSt
005 20250925100809.0
008 130303s1960 stka b 000 0 eng d
010 |a 60004951 
015 |a GB60-13523 
040 |c ARCE Library 
050 4 |a BP172 .D3 1960 
100 1 |a Daniel, Norman,  |e author 
245 1 0 |a Islam and the West :   |b the making of an image /   |c Norman Daniel. 
264 1 |a Edinburgh :   |b University Press,   |c [1960]. 
300 |a ix, 443 pages :   |b illustrations ;   |c 23 cm. 
504 |a Bibliography : pages 395-427. 
650 0 |a Christianity and other religions  |x Islam. 
650 0 |a Islam  |x Relations  |x Christianity. 
901 |a reviewed 
942 |c BK  |2 lcc 
999 |c 13650  |d 13650